| 000 | 00645nam a22002057a 4500 | ||
|---|---|---|---|
| 005 | 20180803165624.0 | ||
| 008 | 150113b2005 ck |||||r|||| 00| 0 spa d | ||
| 040 |
_aCO-BoIAVH _cCO-BoIAVH |
||
| 041 | _aspa | ||
| 044 | _ack | ||
| 090 |
_aEA _b00251 |
||
| 245 | _aManual de Agricultura Orgánica o Ecológica | ||
| 260 |
_aSanta Marta : _bCorporación Autónoma Regional del Magdalena-CORPAMAG, _bAcción Social, _c2005. |
||
| 300 |
_a16 pag _bFot. _c21 cm |
||
| 650 | 6 |
_aAgricultura biológica _91591 |
|
| 650 | 6 |
_aControl biológico _992696 |
|
| 650 | 6 |
_aAbonos orgánicos _919130 |
|
| 650 | 6 |
_aTécnicas de cultivo _918377 |
|
| 942 |
_2z _cLIBRO |
||
| 999 |
_c8962 _d8962 |
||